Un nom de modèle de voiture sa marque - Statistiques

Statistiques générales
  • Ce quiz a été pris 151 fois
  • Le résultat moyen est 13 sur 15
Statistiques - réponses
Question Réponse % Correct
Espace Renault
99%
Mustang Ford
98%
3008 Peugeot
98%
C5 Citroen
97%
Civic Honda
95%
Aventador Lamborghini
95%
F40 Ferrari
94%
GT3 rs Porsche
93%
C63s Mercedes
91%
Z4 Bmw
88%
Passat Volkswagen
85%
GT-R 34 Nissan
84%
Challenger Dodge
82%
Supra Toyota
79%
Rx-7 Mazda
69%
Aucun quiz correspondant
Distribution des résultats
% des personnes avec chaque résultat
Percentile par nombre de réponses
Votre historique - résultats
Vous n’avez pas pris ce quiz